Chữ "Thành" và chữ "Tín" trong xã hội văn minh hiện đại /
保存先:
| 第一著者: | |
|---|---|
| フォーマット: | 論文 |
| 言語: | Vietnamese |
| 主題: | |
| タグ: |
タグ追加
タグなし, このレコードへの初めてのタグを付けませんか!
|
| Thư viện lưu trữ: | Thư viện Trường Đại học Đà Lạt |
|---|
| LEADER | 00766nam a2200265 4500 | ||
|---|---|---|---|
| 001 | DLU040000062 | ||
| 040 | # | # | |a DLU |b vie |
| 041 | # | # | |a vie |
| 044 | # | # | |a vn |
| 100 | # | # | |a Hà Thúc Minh |
| 245 | # | # | |a Chữ "Thành" và chữ "Tín" trong xã hội văn minh hiện đại / |c Hà Thúc Minh |
| 653 | # | # | |a Đạo đức |
| 653 | # | # | |a Nho giáo |
| 653 | # | # | |a Triết phương đông |
| 773 | # | # | |a Tạp chí Khoa học Xã hội |g Số 2(66) - 2004, tr. 21 – 27 |
| 920 | # | # | |a Phòng Tạp chí -- Trung tâm Thông tin - Thư viện Trường Đại học Đà Lạt |
| 933 | # | # | |a XH |
| 994 | # | # | |a DLU |
| 900 | # | # | |a True |
| 911 | # | # | |a Nguyễn Năng Hải |
| 925 | # | # | |a G |
| 926 | # | # | |a A |
| 927 | # | # | |a BB |
| 980 | # | # | |a Thư viện Trường Đại học Đà Lạt |